000 00375nam a2200157 i 4500
001 bg
100 1 _aBETCOV, R.
245 0 _aVoprosy gidrodinamičeskoj ustojčivosti /
_cR. Betcov, W. Kriminale.
260 _aMoskva,
_c1971.
700 1 _aKRIMINALE, V.
040 _cBPK
041 _apol
080 _a532.5
942 _cKS
008 s pl f |000 0 pol
999 _c9160
_d9160
856 _uhttp://koha.tu.koszalin.pl/cgi-bin/koha/opac-detail.pl?biblionumber=9160
_yKatalog online BPK